000 00474nam a2200193Ia 4500
005 20240823010358.0
008 240823s9999||||xx |||||||||||||| ||und||
041 _aENGLISH
082 _A530.141 N9
100 _aMuthusubramanian R
245 0 _aElectromagnetic Field theory
250 _a1st
260 _c1999
_b"Anuradha,Kumbakonam"
500 _aTRANSFERED
650 _aElectromagnetism
_bPhysics
700 _a Senthilkumar N
942 _cBK
999 _c158449
_d158449